002960000a220007300045001000019000002450113000193000051001327730039001831 aHeide, Gale Z.10aWhat is new about the new heaven and the new hearth? A theology of creation fron Revelation 21 and 2 Peter 3 aVol. 40, Num. 1 (Marzo, 1997), Páginas 37-560 tJournal of the Theological Society